Idiosyncratic risk <an> empirical analysis, with implications for the risk of relative-value trading strategies
Na minha lista:
| Autor principal: | |
|---|---|
| Formato: | Livro |
| Idioma: | inglês |
| Publicado em: |
Washington
International Monetary Fund
1999
|
| Colecção: | IMF Working Paper
WP/99/148 |
| Assuntos: | |
| Tags: |
Sem tags, seja o primeiro a adicionar uma tag!
|
MARC
| LEADER | 00000nam a2200000 4500 | ||
|---|---|---|---|
| 001 | c124226 | ||
| 005 | 20221221082607.1 | ||
| 041 | 0 | |a eng | |
| 044 | |a US | ||
| 245 | 1 | 0 | |a Idiosyncratic risk |b <an> empirical analysis, with implications for the risk of relative-value trading strategies |c Prepared by Anthony J. Richards |
| 264 | 1 | |a Washington |b International Monetary Fund |c 1999 | |
| 300 | |a 33 s. | ||
| 490 | 1 | |a IMF Working Paper |v WP/99/148 | |
| 830 | 0 | |a IMF Working Paper |v WP/99/148 | |
| 610 | 2 | 0 | |a riziko |
| 610 | 2 | 0 | |a manažment |
| 610 | 2 | 0 | |a stratégia obchodná |
| 610 | 2 | 0 | |a analýzy |
| 610 | 2 | 0 | |a hodnota |
| 610 | 2 | 0 | |a Medzinárodný menový fond |
| 100 | 1 | |a Richards, Anthony J. | |